000 00265nam a2200109Ia 4500
008 190914s9999||||xx |||||||||||||| ||und||
100 _aNaseema Bint-i-Siraj
245 0 _aDiya Jalai Rakhna
260 _aKarachi
_bKhawjah Printers
_c2000
300 _a232
942 _cBK
999 _c9323
_d9323